| 000 | 00723nam a2200241 a 4500 | ||
|---|---|---|---|
| 001 | 50640 | ||
| 003 | BD-RjUL | ||
| 005 | 20211209075536.0 | ||
| 008 | 160828s1969 enka 000 0 eng | ||
| 035 | _a(BD-RjUL)50760 | ||
| 040 |
_aDLC _cMiYEM _dBD-RjUL _beng |
||
| 041 | _aeng | ||
| 082 |
_223 _a372.86 _bBIP 1969 |
||
| 100 | 1 | 0 |
_aBilbrough, A. _9151634 |
| 245 | 1 | 0 |
_aPhysical education in the primary school / _c[by] A. Bilbrough and P. Jones. |
| 250 | _a3rd ed. | ||
| 260 |
_aLondon : _bUniversity of London Press _c1969 |
||
| 300 |
_a192 p. : _bill. ; _c22 cm. |
||
| 650 | 0 |
_aPhysical education for children. _9151635 |
|
| 700 | 1 |
_aJones, Percy, _ejoint author _9151636 |
|
| 942 |
_2ddc _cBK |
||
| 999 |
_c50640 _d50640 |
||